| 000 | 00424cam a22001457a 4500 | ||
|---|---|---|---|
| 008 | 180718b1995 xxu||||| |||| 00| 0 eng d | ||
| 020 | _a8190041800 | ||
| 082 | _aC41x54 J559 | ||
| 100 | _aJha, R.C. | ||
| 245 |
_aFundamental rights and doctrine of sovereign immunity _cby R.C. Jha |
||
| 260 |
_aNew Delhi _bSheriden Book _c1995 |
||
| 300 | _a131p. | ||
| 650 | _aGovernment liability --India | ||
| 650 | _aCivil rights --India | ||
| 999 |
_c377373 _d377373 |
||